Characterization of guayule latex: Variation across lines and plant tissues (Record no. 55427)

MARC details
000 -LEADER
fixed length control field 00537nam a2200181Ia 4500
100 ## - MAIN ENTRY--AUTHOR NAME
Personal name Cornish K
245 #0 - TITLE STATEMENT
Title Characterization of guayule latex: Variation across lines and plant tissues
260 ## - PUBLICATION, DISTRIBUTION, ETC. (IMPRINT)
Name of publisher International Latex Conference, 20-21 July 2004, Hilton, Akron/Fairlawn Hotel.
650 ## - SUBJECT ADDED ENTRY--TOPICAL TERM
Topical Term Guayule latex
650 ## - SUBJECT ADDED ENTRY--TOPICAL TERM
Topical Term Plant tissue
700 ## - ADDED ENTRY--PERSONAL NAME
Personal name Fleet J E Van
700 ## - ADDED ENTRY--PERSONAL NAME
Personal name Fowler J L
700 ## - ADDED ENTRY--PERSONAL NAME
Personal name Martin J A
700 ## - ADDED ENTRY--PERSONAL NAME
Personal name McCoy R G
700 ## - ADDED ENTRY--PERSONAL NAME
Personal name McMahan C M
942 ## - ADDED ENTRY ELEMENTS (KOHA)
Koha item type Journals
Holdings
Withdrawn status Lost status Damaged status Not for loan Home library Current library Shelving location Date acquired Koha item type
      Journals RRII Library RRII Library Rubber chemistry 17/12/2021 Journals